Low intensity tapping with stimulation on GT 1 (Record no. 62310)

MARC details
000 -LEADER
fixed length control field 00387nam a2200133Ia 4500
100 ## - MAIN ENTRY--AUTHOR NAME
Personal name Tjasadihardja Amin
245 #0 - TITLE STATEMENT
Title Low intensity tapping with stimulation on GT 1
260 ## - PUBLICATION, DISTRIBUTION, ETC. (IMPRINT)
Name of publisher Hevea 88: IRRDB, 2 August to 7 November 1988, Paris. pp.573-586.
650 ## - SUBJECT ADDED ENTRY--TOPICAL TERM
Topical Term GT 1
650 ## - SUBJECT ADDED ENTRY--TOPICAL TERM
Topical Term Stimulation
650 ## - SUBJECT ADDED ENTRY--TOPICAL TERM
Topical Term Tapping systems
942 ## - ADDED ENTRY ELEMENTS (KOHA)
Koha item type Journals
Holdings
Withdrawn status Lost status Damaged status Not for loan Home library Current library Shelving location Date acquired Koha item type
      Journals RRII Library RRII Library Plant physiology 01/01/2021 Journals